| 000 | 00868nam a22002537a 4500 | ||
|---|---|---|---|
| 005 | 20170123162355.0 | ||
| 010 | _a670286 | ||
| 020 | _c4.00 | ||
| 035 | _a670286 | ||
| 037 | _bCen Lib/Ret | ||
| 040 |
_aDPL _bUR |
||
| 082 |
_a347.6 _bط ا ہ |
||
| 100 |
_aطاہر ممحود _9141262 |
||
| 245 |
_a/ مسلم پر سنل لا کے تحففظ کن مسلہ _cطاہر ممحود |
||
| 246 |
_aMuslim personal law ke teheffuz ka mas-ala / _bby Tahir Mehmood |
||
| 260 |
_aنئی دہلی _bمکتبہ جامعہ لمیٹڈ _c1972 |
||
| 270 |
_aمکتبہ جامعہ لمیٹڈ، جامعہ نگر _bنئی دہلی _e110025 |
||
| 300 |
_a108p. _c21cm(Hb) |
||
| 650 |
_aلا _9141263 |
||
| 650 |
_aمسلم پر سنل لا _9141264 |
||
| 650 |
_aLaw _9104 |
||
| 650 |
_aMuslim Personal Law _9141265 |
||
| 942 |
_2ddc _cUR _h347.6 _mط ا ہ |
||
| 999 |
_c109575 _d109575 |
||